| 000 | 00389nam a2200157Ia 4500 | ||
|---|---|---|---|
| 999 |
_c6875 _d6875 |
||
| 020 | _a9780415445528 | ||
| 082 | _a325.3 ENC- | ||
| 245 | 0 | _aEnchantments of modernity: empire, nation, globalization | |
| 260 |
_aNew Delhi _bRoutledge _c2009 |
||
| 300 | _axvii, 504 | ||
| 650 | _aColonialism | ||
| 650 | _aColonization | ||
| 650 | _aDecolonization | ||
| 700 | _aDube, Saurabh | ||
| 942 | _cBK | ||